<?xml version="1.0" encoding="UTF-8"?>
<record
    xmlns:xsi="http://www.w3.org/2001/XMLSchema-instance"
    xsi:schemaLocation="http://www.loc.gov/MARC21/slim http://www.loc.gov/standards/marcxml/schema/MARC21slim.xsd"
    xmlns="http://www.loc.gov/MARC21/slim">

  <leader>00982nam a22002057a 4500</leader>
  <controlfield tag="003">OSt</controlfield>
  <controlfield tag="005">20251114085546.0</controlfield>
  <controlfield tag="008">251114b        |||||||| |||| 00| 0 eng d</controlfield>
  <datafield tag="040" ind1=" " ind2=" ">
    <subfield code="c">DCL</subfield>
  </datafield>
  <datafield tag="082" ind1=" " ind2=" ">
    <subfield code="a">T-2 Ph.D.</subfield>
  </datafield>
  <datafield tag="100" ind1="0" ind2=" ">
    <subfield code="a">Vannasiri, U, Ven</subfield>
    <subfield code="b">2007/ Ph.D. /557</subfield>
  </datafield>
  <datafield tag="245" ind1="1" ind2=" ">
    <subfield code="a">An annotated Translation of the P&#x101;r&#x101;jikaka&#x1E47;&#x1E0D;a of the Samantap&#x101;s&#x101;dik&#x101; Together with a general introduction /</subfield>
    <subfield code="c">by Ven. U Vannasiri.</subfield>
  </datafield>
  <datafield tag="264" ind1=" " ind2=" ">
    <subfield code="a">Sri Lanka :</subfield>
    <subfield code="b">The University of Kelaniya,</subfield>
    <subfield code="c">2011.</subfield>
  </datafield>
  <datafield tag="300" ind1=" " ind2=" ">
    <subfield code="a">xii, 385 pages ;</subfield>
    <subfield code="c">30 cm.</subfield>
  </datafield>
  <datafield tag="502" ind1=" " ind2=" ">
    <subfield code="a">This Dissertation consists of two parts - a general introduction and an annotated translation of the commentary on the first of P&#x101;r&#x101;jika of the Samantap&#x101;s&#x101;dik&#x101;(sp). And the second part is devoted to the annotated translation of the commentry on the first P&#x101;r&#x101;jika.
</subfield>
    <subfield code="b">Ph. D.</subfield>
    <subfield code="c">The University of Kelaniya,</subfield>
    <subfield code="d">2011.</subfield>
  </datafield>
  <datafield tag="650" ind1=" " ind2=" ">
    <subfield code="a">Ph.D. Dissertation</subfield>
  </datafield>
  <datafield tag="650" ind1=" " ind2=" ">
    <subfield code="a">P&#x101;r&#x101;jikaka&#x1E47;&#x1E0D;a </subfield>
  </datafield>
  <datafield tag="650" ind1=" " ind2=" ">
    <subfield code="a">Samantap&#x101;s&#x101;dik&#x101;</subfield>
  </datafield>
  <datafield tag="942" ind1=" " ind2=" ">
    <subfield code="2">ddc</subfield>
    <subfield code="c">THS</subfield>
    <subfield code="n">0</subfield>
  </datafield>
  <datafield tag="952" ind1=" " ind2=" ">
    <subfield code="0">0</subfield>
    <subfield code="1">0</subfield>
    <subfield code="2">ddc</subfield>
    <subfield code="4">0</subfield>
    <subfield code="7">1</subfield>
    <subfield code="8">Rfbs</subfield>
    <subfield code="a">DHAM</subfield>
    <subfield code="b">DHAM</subfield>
    <subfield code="c">Rfbs</subfield>
    <subfield code="d">2025-11-14</subfield>
    <subfield code="l">0</subfield>
    <subfield code="o">T-2 Ph.D.</subfield>
    <subfield code="p">T-2 Ph.D.</subfield>
    <subfield code="r">2025-11-14 08:56:32</subfield>
    <subfield code="w">2025-11-14</subfield>
    <subfield code="y">THS</subfield>
    <subfield code="A">T-2 Ph.D.</subfield>
  </datafield>
  <datafield tag="999" ind1=" " ind2=" ">
    <subfield code="c">2467</subfield>
    <subfield code="d">2467</subfield>
  </datafield>
</record>
